<?xml version="1.0" encoding="UTF-8"?><?xml-stylesheet type="text/xsl" href="static/style.xsl"?><OAI-PMH xmlns="http://www.openarchives.org/OAI/2.0/" xmlns:xsi="http://www.w3.org/2001/XMLSchema-instance" xsi:schemaLocation="http://www.openarchives.org/OAI/2.0/ http://www.openarchives.org/OAI/2.0/OAI-PMH.xsd"><responseDate>2026-06-01T02:11:56Z</responseDate><request verb="GetRecord" identifier="oai:riuma.uma.es:10630/23482" metadataPrefix="marc">https://riuma.uma.es/rest/oai/request</request><GetRecord><record><header><identifier>oai:riuma.uma.es:10630/23482</identifier><datestamp>2026-02-03T12:17:15Z</datestamp><setSpec>com_10630_2254</setSpec><setSpec>col_10630_37959</setSpec></header><metadata><record xmlns="http://www.loc.gov/MARC21/slim" xmlns:dcterms="http://purl.org/dc/terms/" xmlns:doc="http://www.lyncode.com/xoai" xmlns:xsi="http://www.w3.org/2001/XMLSchema-instance" xsi:schemaLocation="http://www.loc.gov/MARC21/slim http://www.loc.gov/standards/marcxml/schema/MARC21slim.xsd">
   <leader>00925njm 22002777a 4500</leader>
   <datafield ind2=" " ind1=" " tag="042">
      <subfield code="a">dc</subfield>
   </datafield>
   <datafield ind2=" " ind1=" " tag="720">
      <subfield code="a">Benítez-Jiménez, María José</subfield>
      <subfield code="e">author</subfield>
   </datafield>
   <datafield ind2=" " ind1=" " tag="260">
      <subfield code="c">2021</subfield>
   </datafield>
   <datafield ind2=" " ind1=" " tag="520">
      <subfield code="a">Es una realidad que la igualdad de género está ausente en la universidad en diferentes planos: en la forma de impartir la docencia y sus contenidos, a la hora de plantear trabajos fin de grado, en la difusión de resultados, en el análisis y tratamiento de imágenes, en la comunicación con el alumnado -sea oral o escrita-, entre otros. Esta problemática despierta especial interés en Criminología pues muchas de las asignaturas que integran los planes de estudio abordan cuestiones de género, a saber: la violencia de género, la victimología, las teorías criminológicas, las formas específicas de criminalidad, la política criminal o la metodología de investigación.&#xd;
Es relevante conocer si las actuaciones desde las Universidades, para la detección de comportamientos machistas, a través de encuestas, es algo habitual en nuestro país. También se profundizará sobre el hecho de si existen Proyectos de innovación docente educativa en el desarrollo de este tipo de actuaciones.</subfield>
   </datafield>
   <datafield ind1="8" ind2=" " tag="024">
      <subfield code="a">https://hdl.handle.net/10630/23482</subfield>
   </datafield>
   <datafield tag="653" ind2=" " ind1=" ">
      <subfield code="a">Criminología</subfield>
   </datafield>
   <datafield tag="653" ind2=" " ind1=" ">
      <subfield code="a">Machismo</subfield>
   </datafield>
   <datafield tag="653" ind2=" " ind1=" ">
      <subfield code="a">Estudios sobre la mujer</subfield>
   </datafield>
   <datafield ind2="0" ind1="0" tag="245">
      <subfield code="a">La perspectiva de género en la docencia e investigación en Criminología</subfield>
   </datafield>
</record>
</metadata></record></GetRecord></OAI-PMH>